| 000 | 00776cam a2200265 a 4500 | ||
|---|---|---|---|
| 001 | 000007941 | ||
| 005 | 20200929154347.0 | ||
| 008 | 050719s1994 sp 000 f spa d | ||
| 020 | _a8423300196 | ||
| 040 |
_aDO-SdBNP _cDLC _dDLC |
||
| 082 |
_a863.64 _bG216h, 1994 |
||
| 100 | 1 |
_aGarcía Pavón, Francisco, _d1919-1989 _94703 |
|
| 245 | 1 | 4 |
_aLas hermanas coloradas : _bPlinio en Madrid / _cFrancisco García Pavón. |
| 250 | _a5a ed. | ||
| 260 |
_aBarcelona : _bDestino, _c1994. |
||
| 300 |
_a261 p. ; _c19 cm. |
||
| 490 | 1 |
_aDestinolibro _v1 |
|
| 586 | _aPremio Nadal 1969 | ||
| 650 | 4 |
_aNovela española _91123 |
|
| 650 | 4 |
_aLiteratura española _9632 |
|
| 830 | 0 |
_aDestinolibro ; _v1 _98086 |
|
| 910 | _aCatalogación por copia / LC | ||
| 910 | _aWM | ||
| 049 | _aBNGR | ||
| 999 |
_c7719 _d7719 |
||